<?xml version="1.0" encoding="UTF-8"?>
<marc:record xmlns:marc="http://www.loc.gov/MARC21/slim">
   <marc:leader>00000nam a2200000 a 4500</marc:leader>
   <marc:datafield ind1="1" ind2=" " tag="100">
      <marc:subfield code="a">Johannson, Lena</marc:subfield>
      <marc:subfield code="4">aut</marc:subfield>
      <marc:subfield code="e">Verfasser/-in</marc:subfield>
   </marc:datafield>
   <marc:datafield ind1="0" ind2="0" tag="245">
      <marc:subfield code="a">Himmel über Hallig</marc:subfield>
   </marc:datafield>
   <marc:datafield ind1="0" ind2="0" tag="245">
      <marc:subfield code="b">Roman</marc:subfield>
   </marc:datafield>
   <marc:datafield ind1=" " ind2="1" tag="264">
      <marc:subfield code="b">atb aufbau taschenbuch</marc:subfield>
      <marc:subfield code="c">2018</marc:subfield>
   </marc:datafield>
   <marc:datafield ind1="1" ind2=" " tag="520">
      <marc:subfield code="a">
Die Kunsthistorikerin Lea erfährt, dass es auf einer Hallig ein Objekt gibt, dessen Herkunft unklar ist: eine Christus-Figur, die das Meer im 19. Jahrhundert angespült hat. Da Lea nach einer schweren Operation viel Zeit hat, macht sie sich zu Recherchezwecken auf nach Hooge – und verfällt sofort dem Zauber des winzigen Fleckchens Erde. Als sie dort dem Sylter Orgelbauer Christoph begegnet, verliebt sie sich. Gemeinsam spazieren sie stundenlang auf dem Deich, können über alles reden, genießen die Idylle und beschließen, gemeinsam auf Hooge zu bleiben. Doch als sich ein Insulaner schwer verletzt und ärztliche Hilfe erst Stunden später naht, wird Lea unsicher – und die Schatten ihrer Krankheit kehren zurück. </marc:subfield>
   </marc:datafield>
   <marc:datafield ind1=" " ind2=" " tag="020">
      <marc:subfield code="a">9783746634234</marc:subfield>
      <marc:subfield code="9">9783746634234</marc:subfield>
   </marc:datafield>
</marc:record>
